| 000 | 00516nam a22001817a 4500 | ||
|---|---|---|---|
| 003 | CEME | ||
| 005 | 20210628202702.0 | ||
| 008 | 210125b xxu||||| |||| 00| 0 eng d | ||
| 020 | _a81-7808-432-5 | ||
| 040 | _c. | ||
| 082 | _a005.11 JAC | ||
| 100 |
_aJacobson, Ivar _961076 |
||
| 245 | _aObject oriented software engineering a use case driven approach | ||
| 260 |
_aNEW DELHI _bPEARSON EDUCATION ASIA _c2004 |
||
| 300 | _aXXII,528 P | ||
| 650 |
_aOBJECT ORIENTED SOFTWARE ENGINEERING _961077 |
||
| 942 |
_cBK _2ddc |
||
| 999 |
_c570635 _d570635 |
||